Statistics for Killswitch Engage Albums

Click here to take the quiz!

General Stats

  • This quiz has been taken 12 times
  • The average score is 6 of 8

Answer Stats

HintAnswer% Correct
2002Alive Or Just Breathing
91%
2006As Daylight Dies
91%
2000Killswitch Engage
91%
2009Killswitch Engage
91%
2004The End Of Heartache
82%
2013Disarm The Descent
73%
2019Atonement
64%
2016Incarnate
64%

Score Distribution

Percentile by Number Answered

Percent of People with Each Score

Your Score History

You have not taken this quiz